<?xml version="1.0" encoding="UTF-8"?>
<collection xmlns="http://www.loc.gov/MARC21/slim">
    <record>
        <controlfield tag="001">48335</controlfield>
        <controlfield tag="005">20200221144128.0</controlfield>
        <datafield tag="024" ind1="8" ind2=" ">
            <subfield code="2">sideral</subfield>
            <subfield code="a">93073</subfield>
        </datafield>
        <datafield tag="037" ind1=" " ind2=" ">
            <subfield code="a">ART-2016-93073</subfield>
        </datafield>
        <datafield tag="041" ind1=" " ind2=" ">
            <subfield code="a">spa</subfield>
        </datafield>
        <datafield tag="100" ind1=" " ind2=" ">
            <subfield code="0">(orcid)0000-0002-9761-1953</subfield>
            <subfield code="a">Zaragoza Casterad, Javier</subfield>
            <subfield code="u">Universidad de Zaragoza</subfield>
        </datafield>
        <datafield tag="245" ind1=" " ind2=" ">
            <subfield code="a">Análisis crítico de la propuesta del currículum básico de la LOMCE para la asignatura de Educación Física. Acciones derivadas en la Comunidad Autónoma de Aragón y propuestas de futuro</subfield>
        </datafield>
        <datafield tag="260" ind1=" " ind2=" ">
            <subfield code="c">2016</subfield>
        </datafield>
        <datafield tag="506" ind1="0" ind2=" ">
            <subfield code="a">Access copy available to the general public</subfield>
            <subfield code="f">Unrestricted</subfield>
        </datafield>
        <datafield tag="520" ind1="3" ind2=" ">
            <subfield code="a">El objeto de este artículo consiste en analizar los aspectos positivos y negativos que tiene el área de Educación Física dentro de la normativa
vigente de la LOMCE para Educación Primaria. Se han revisado las competencias que tienen el Estado y las Administraciones educativas, presentando
la nueva situación del área en la normativa educativa y las posibles razones para ubicarla entre las asignaturas específicas. La propuesta curricular presenta interesantes aportaciones en la introducción del documento, como por ejemplo, la propuesta de organizar el área a partir de los dominios de acción motriz. Por otro lado, evidenciamos la incoherencia que existe entre la introducción y el listado propuesto de criterios de evaluación y estándares de aprendizaje y determinamos unos criterios claros para establecer un debate y un análisis de las propuestas curriculares realizadas. Presentamos las diez principales decisiones tomadas en Aragón para la confección del currículo, buscando una alta coherencia interna. Por último, establecemos unas premisas para futuras propuestas curriculares a nivel nacional. The aim of this study is to analyse positive and negative aspects of Physical Education at Primary education according to LOMCE legislation. State and Education Administrations competences will be reviewed. We will introduce the new regulatory framework and the hypothetic reasons to include physical education area into the specific subjects. The curricular proposal shows interesting suggestions in the introduction section, such as the proposal of organizing the area from the action domain of motor skills. The study tries to evidence the incoherence between the introduction and the series of evaluation criteria and learning standards. Along with it, clear criteria will be determined in order to stimulate discussion and the analysis of curricular proposals forwarded. Ten main decisions adopted in the Aragon regulatory framework will be discussed searching for higher internal coherence. Finally, some assumptions for future national proposals will be displayed.</subfield>
        </datafield>
        <datafield tag="540" ind1=" " ind2=" ">
            <subfield code="9">info:eu-repo/semantics/openAccess</subfield>
            <subfield code="a">by-nc-sa</subfield>
            <subfield code="u">http://creativecommons.org/licenses/by-nc-sa/3.0/es/</subfield>
        </datafield>
        <datafield tag="592" ind1=" " ind2=" ">
            <subfield code="a">0.0</subfield>
            <subfield code="b">2016</subfield>
        </datafield>
        <datafield tag="593" ind1=" " ind2=" ">
            <subfield code="a">Education</subfield>
            <subfield code="c">2016</subfield>
        </datafield>
        <datafield tag="593" ind1=" " ind2=" ">
            <subfield code="a">Physical Therapy, Sports Therapy and Rehabilitation</subfield>
            <subfield code="c">2016</subfield>
        </datafield>
        <datafield tag="593" ind1=" " ind2=" ">
            <subfield code="a">Orthopedics and Sports Medicine</subfield>
            <subfield code="c">2016</subfield>
        </datafield>
        <datafield tag="655" ind1=" " ind2="4">
            <subfield code="a">info:eu-repo/semantics/article</subfield>
            <subfield code="v">info:eu-repo/semantics/publishedVersion</subfield>
        </datafield>
        <datafield tag="700" ind1=" " ind2=" ">
            <subfield code="0">(orcid)0000-0002-7076-6621</subfield>
            <subfield code="a">Julián Clemente, José Antonio</subfield>
            <subfield code="u">Universidad de Zaragoza</subfield>
        </datafield>
        <datafield tag="700" ind1=" " ind2=" ">
            <subfield code="0">(orcid)0000-0002-9208-4824</subfield>
            <subfield code="a">Abarca-Sos, Alberto</subfield>
            <subfield code="u">Universidad de Zaragoza</subfield>
        </datafield>
        <datafield tag="700" ind1=" " ind2=" ">
            <subfield code="0">(orcid)0000-0001-9126-5976</subfield>
            <subfield code="a">Aibar Solana, Alberto</subfield>
            <subfield code="u">Universidad de Zaragoza</subfield>
        </datafield>
        <datafield tag="710" ind1="2" ind2=" ">
            <subfield code="1">3001</subfield>
            <subfield code="2">187</subfield>
            <subfield code="a">Universidad de Zaragoza</subfield>
            <subfield code="b">Dpto. Expres.Music.Plást.Corp.</subfield>
            <subfield code="c">Área Didáctica Expres.Corporal</subfield>
        </datafield>
        <datafield tag="773" ind1=" " ind2=" ">
            <subfield code="g">29 (2016), 173-181</subfield>
            <subfield code="p">Retos (Madr.)</subfield>
            <subfield code="t">Retos</subfield>
            <subfield code="x">1579-1726</subfield>
        </datafield>
        <datafield tag="856" ind1="4" ind2=" ">
            <subfield code="s">174468</subfield>
            <subfield code="u">http://zaguan.unizar.es/record/48335/files/texto_completo.pdf</subfield>
            <subfield code="y">Versión publicada</subfield>
        </datafield>
        <datafield tag="856" ind1="4" ind2=" ">
            <subfield code="s">118555</subfield>
            <subfield code="u">http://zaguan.unizar.es/record/48335/files/texto_completo.jpg?subformat=icon</subfield>
            <subfield code="x">icon</subfield>
            <subfield code="y">Versión publicada</subfield>
        </datafield>
        <datafield tag="909" ind1="C" ind2="O">
            <subfield code="o">oai:zaguan.unizar.es:48335</subfield>
            <subfield code="p">articulos</subfield>
            <subfield code="p">driver</subfield>
        </datafield>
        <datafield tag="951" ind1=" " ind2=" ">
            <subfield code="a">2020-02-21-13:04:14</subfield>
        </datafield>
        <datafield tag="980" ind1=" " ind2=" ">
            <subfield code="a">ARTICLE</subfield>
        </datafield>
    </record>

    
</collection>